| 000 | 00487nam a2200229Ia 4500 | ||
|---|---|---|---|
| 003 | IT-RoPAU | ||
| 008 | 120407s9999 xx 000 0 und d | ||
| 040 | _aIT-RoPAU | ||
| 040 | _cIT-RoPAU | ||
| 041 | _aita | ||
| 100 | _aHans Urs von Balthasar | ||
| 245 | _aSolo l’amore è credibile | ||
| 250 | _aTorino | ||
| 260 | _aBorla | ||
| 260 | _c1965 | ||
| 300 | _a148 p. | ||
| 300 | _c21 cm | ||
| 490 | _aLe idee e la vita, 21 | ||
| 490 | _v1 | ||
| 942 | _cBK | ||
| 999 |
_c25943 _d25943 |
||